000 00422nam a2200157Ia 4500
008 220216s9999 xx 000 0 und d
100 _aDawson R F
245 0 _aHistory and technological significance of Hevea rubber production in Guatemala
260 _bHort Technology
_c1992
300 _a321-323
500 _aSource Year: 1993
650 _aHevea rubber
700 _aSmith F W O
856 _uHOA
942 _cJS
999 _c60456
_d60456